| 000 | 00454nam a2200205Ia 4500 | ||
|---|---|---|---|
| 999 |
_c4800 _d4800 |
||
| 003 | IN-BhIIT | ||
| 005 | 20190804094214.0 | ||
| 008 | 151211s9999 xx 000 0 und d | ||
| 040 | _aIN-BhIIT | ||
| 041 | _aeng | ||
| 082 | _a823.954 | ||
| 082 | _bGOP/T | ||
| 100 |
_aGopal _92505 |
||
| 245 | 4 | _aThe Indian English Novel | |
| 245 | _b Nathan, History & Narration | ||
| 245 | _cby Priyamvada Gopal | ||
| 300 | _a1 | ||
| 942 | _02 | ||
| 942 | _cGEN | ||